000 00619nam a2200205Ia 4500
003 GCL
008 140319s9999 xx 000 0 ara d
040 _aGCL /
_cGCL
082 0 4 _a364.131
_bا ص
100 1 _aكميل داغر
245 1 0 _aصدام الهمجيات /
_cكميل داغر
250 _aالاولى
260 _aبيروت :
_bدار الطليعة الجديدة ،
_c2002
300 _a157 ص ؛
_c24 سم
650 0 4 _aالارهاب
650 0 4 _aالجرائم السياسية
650 0 4 _aجرائم ضد الانسانية
650 0 4 _aاحداث 11 سبتمبر
942 _2ddc
_cBK
999 _c5499
_d5499